00721nam a2200193Ia 4500003000900000008004100009020001800050040001600068080002300084245019200107260003700299300001500336490005100351650001500402650002500417700003500442700002400477700002600501IN-BaIIA211028s9999 xx 000 0 eng d a0-7923-4852-4 cIIA Library a52(082.1)bASS-225 0aSCORE ' 96bsolar convection and the oscillations and their relationshipcedited by F. P. Pijpers, Christensen-Dalsgaard, J and Rosenthal, C. S  aDordrechtbKluwer Academicc1997 avii, 315p. aAstrophysics and space science library; v. 225 aConvection aSolar - oscillations aChristensen-Dalsgaard, J., ed. aPijpers, F. P., ed. aRosenthal, C. S., ed.